00651nam a2200229 a 4500001001300000003000900013005001700022008004100039020001000080082001300090100001800103245002400121260004500145300000900190500003500199650002500234700001800259902000800277942000700285952011400292999001500406nice12345678IN_TiNIC20260116012403.0070801s1965 lona grp 000 0 eng  ac10000a270bWIL aWilliams, H A aThe True Wilderness aLondonbConstable and Company Ltd.c1965 a168p aincludes index and biblioraphy aChristian-Literature1 aWilliams, H A bSRS cBK 001040708StackRoom-aHMIbHMId2007-08-01g100.00l0o270 WILp010501r2007-08-01v100.00w2007-08-01yBK c6815d6815